GCSE SUBJECTS (ENGLAND) - Statistics

General Stats
  • This quiz has been taken 77 times
  • The average score is 26 of 56
Answer Stats
Answer % Correct
History
91%
French
89%
Geography
89%
Spanish
89%
English Literature
88%
German
88%
Biology
86%
Chemistry
85%
Physics
85%
Mathematics
82%
English Language
80%
Drama
70%
Music
68%
Design and Technology
67%
Italian
64%
Physical Education
64%
Mandarin
62%
Religious Studies
61%
Latin
58%
Portuguese
58%
Psychology
58%
Arabic
56%
Art and Design
53%
Russian
50%
Combined Science
48%
Japanese
48%
Polish
47%
Economics
45%
Sociology
45%
Business Studies
39%
Dance
36%
Urdu
35%
Geology
33%
Media Studies
32%
Photography
32%
Turkish
32%
Engineering
29%
Astronomy
27%
Cantonese
27%
Statistics
27%
Bengali
26%
Ancient History
24%
Film Studies
24%
Persian
23%
Classical Civilisation
18%
Punjabi
18%
Classical Greek
17%
Food Preparation and Nutrition
17%
Modern Greek
17%
Biblical Hebrew
14%
Graphics
12%
Gujurati
12%
Modern Hebrew
12%
Electronics
11%
Citizenship Studies
9%
Further Mathematics (Level 2 Cert)
9%
No matching quizzes found
Score Distribution
Percent of People with Each Score
Percentile by Number Answered
Your Score History
You have not taken this quiz